000 00392nam a2200157Ia 4500
008 230711s9999||||xx |||||||||||||| ||und||
041 _aENG
082 _a621.317
_bGO-D
100 _aGopal,M
245 0 _aDigital control engineering
250 _a1st Ed.
260 _c2001
_aNew Delhi
_bNew Age International Publishers
300 _a535
650 _aElectrical Engineering
942 _cBK
999 _c1920
_d1920